Software-Entwicklung auf dem Atari ST Programmieren unter GEM und TOS
Saved in:
| Main Author: | |
|---|---|
| Other Authors: | |
| Format: | Book |
| Language: | German |
| Published: |
Heidelberg
Hüthig
1987
|
| Edition: | 2. erweit. Aufl. |
| Tags: |
No Tags, Be the first to tag this record!
|
MARC
| LEADER | 00000nam a2200000 4500 | ||
|---|---|---|---|
| 001 | c036751 | ||
| 005 | 20250701095908.6 | ||
| 041 | 0 | |a ger | |
| 044 | |a DE | ||
| 245 | 1 | 0 | |a Software-Entwicklung auf dem Atari ST |b Programmieren unter GEM und TOS |c Jürgen Geiss, Dieter Geiss |
| 250 | |a 2. erweit. Aufl. | ||
| 264 | 1 | |a Heidelberg |b Hüthig |c 1987 | |
| 300 | |a 424 s. | ||
| 100 | 1 | |a Geiss, Jürgen | |
| 700 | 1 | |a Geiss, Dieter | |